Họ vi điều khiển 8051

保存先:
書誌詳細
第一著者: Tống, Văn On
フォーマット: 図書
言語:Undetermined
出版事項: Hà Nội Khoa học - Xã hội 2001
主題:
タグ: タグ追加
タグなし, このレコードへの初めてのタグを付けませんか!
Thư viện lưu trữ: Trung tâm Học liệu Trường Đại học Cần Thơ
LEADER 00556nam a2200181Ia 4500
001 CTU_46696
008 210402s9999 xx 000 0 und d
082 |a 621.38133 
082 |b O.429 
100 |a Tống, Văn On 
245 0 |a Họ vi điều khiển 8051 
245 0 |c Tống, Văn On, Hoàng Đức Hải 
260 |a Hà Nội 
260 |b Khoa học - Xã hội 
260 |c 2001 
650 |a Programmable controllers,Programmable logic devices 
904 |i Minh 
980 |a Trung tâm Học liệu Trường Đại học Cần Thơ